Statistics for Guess Every Mario Kart Battle Track

Click here to take the quiz!

General Stats

  • This quiz has been taken 25 times
  • The average score is 21 of 28

Answer Stats

First AppearanceTrack% Correct
Super Mario KartBattle Course 1
94%
Super Mario KartBattle Course 2
94%
Super Mario KartBattle Course 3
94%
Super Mario KartBattle Course 4
94%
Mario Kart WiiFunky Stadium
94%
Mario Kart: Double Dash!!Luigi's Mansion
88%
Mario Kart: Double Dash!!Pipe Plaza
88%
Mario Kart 64Skyscraper
88%
Mario Kart WiiDelphino Pier
82%
Mario Kart DSNintendo DS
82%
Mario Kart 7Wuhu Town
82%
Mario Kart 64Big Donut
76%
Mario Kart WiiBlock Plaza
76%
Mario Kart: Double Dash!!Cookie Land
76%
Mario Kart 64Double Deck
76%
Mario Kart: Double Dash!!Nintendo Gamecube
76%
Mario Kart WiiThwomp Desert
76%
Mario Kart 64Block Fort
71%
Mario Kart WiiChain Chomp Wheel
71%
Mario Kart: Double Dash!!Tilt-a-Kart
71%
Mario Kart: Double Dash!!Block City
65%
Mario Kart 7Honeybee Hive
65%
Mario Kart DSTwilight House
65%
Mario Kart 7Sherbet Rink
59%
Mario Kart DSTart Top
59%
Mario Kart DSPalm Shore
47%
Mario Kart 8Mario Circuit
35%
Mario Kart 8Toad Harbor
35%

Score Distribution

Percentile by Number Answered

Percent of People with Each Score

Your Score History

You have not taken this quiz